000 01014nam a2200289Ia 4500
003 GCL
008 140319s9999 xx 000 0 ara d
040 _aGCL /
_cGCL
082 0 4 _a591.953
_bا ك
100 1 _aارسطوطاليس
245 1 0 _aكتاب طابع الحيوان البحرى والبرى /
_cارسطوطاليس
700 1 _aعزة محمد سليم سالم (تحقيق)
260 _a[S.N] :
_bالهيئة المصرية العامة للكتاب ،
_c1984
300 _a201 ص
490 _aمركز تحقيق التراث
_v0
650 0 4 _aالحضارة العربية الاسلامية - المعارف البحرية
650 0 4 _aالعلم
650 0 4 _aالتراث
650 0 4 _aالتراث العربى
650 0 4 _aالعلوم
650 0 4 _aالعلوم عند العرب
650 0 4 _aالحضارة الاسلامية
650 0 4 _aالحيوان
650 0 4 _aتاريخ العلوم
650 0 4 _aالحيوانات البحرية
942 _2ddc
_cBK
999 _c29594
_d29594